00673nam a2200217Ia 4500003000400000005001700004008004100021020001500062040001800077041000800095082002000103100001800123245009500141250001200236260005000248300002800298650003000326650004000356650002400396700003500420OSt20230714150057.0210716s2003 xx 000 0 und d a0195651103 cAIMIT LIBRARY aeng a338.9 21bSENA aSen, Amartya. aEmployment, technology and development /cBy Amartya Sen. Foreword By Louis Emmerij I L O. a1st ed. aNew Delhi :bOxford University Press ,c2003. axi, 193p. ;bPBc21 cm. aSome measurement problems aInstitutions technology and labour  aEconomic evaluation aLouis Emmerij L L O.eForeword